Sedem dní /
Ambiciózny štátny zástupca Randal Korn poslal na elektrické kreslo viac ľudí ako ktorýkoľvek iný prokurátor v Amerike. Žije preto, aby sledoval popravy väzňov, aj keď sú nevinní. Jeho ďalšou obeťou je mladý Afroameričan Andy Dubois, ktorý má byť odsúdený za vraždu bielej dievčiny. Korn však nepočíta...
Uloženo v:
| Série: | Eddie Flynn,
část 6 |
|---|---|
| Hlavní autor: | |
| Médium: | E-kniha |
| Jazyk: | Czech |
| Vydáno: |
Praha :
Albatros Media Slovakia s.r.o.,
2026
|
| Příbuzné jednotky: | Z cyklu::
Eddie Flynn |
| Tagy: |
Žádné tagy |
| LEADER | 01535nam a22002417i 4500 | ||
|---|---|---|---|
| 001 | 313646 | ||
| 007 | ta | ||
| 008 | 260605s2026 xr ||||| |||| 00| 0 cze d | ||
| 020 | |a 9788056652404 | ||
| 044 | |a xr | ||
| 100 | 1 | |a Cavanagh, Steve |4 aut | |
| 245 | 1 | 0 | |a Sedem dní / |c Cavanagh, Steve |
| 240 | 1 | 0 | |a Devil's Advocate |
| 264 | 1 | |a Praha : |b Albatros Media Slovakia s.r.o., |c 2026 | |
| 300 | |a 1 online zdroj (384 stran) | ||
| 336 | |a text |b txt |2 rdacontent | ||
| 337 | |a bez média |b n |2 rdamedia | ||
| 338 | |a online zdroj |b cr |2 rdacarrier | ||
| 520 | 2 | |a Ambiciózny štátny zástupca Randal Korn poslal na elektrické kreslo viac ľudí ako ktorýkoľvek iný prokurátor v Amerike. Žije preto, aby sledoval popravy väzňov, aj keď sú nevinní. Jeho ďalšou obeťou je mladý Afroameričan Andy Dubois, ktorý má byť odsúdený za vraždu bielej dievčiny. Korn však nepočítal s Eddiem Flynnom. Newyorský advokát má sedem dní na to, aby zachránil Andyho pred skorumpovaným súdnictvom i políciou a našiel skutočného páchateľa. | |
| 787 | 0 | 8 | |g 6 |i Z cyklu: |t Eddie Flynn |
| 910 | |a RBIT002 | ||
| 998 | |d 427590 |a https://core.palmknihy.cz/api/books/427590/cover?tg0wgm |b https://core.palmknihy.cz/api/books/427590/cover/400?tg0wgm |c https://core.palmknihy.cz/api/books/427590/cover/50?tg0wgm |e 2031-05-21 |g 384 |i 9788056652404 |j https://core.palmknihy.cz/api/books/427590/preview.epub |k https://core.palmknihy.cz/api/books/427590/preview.pdf |l |q 49 |r 1 |s https://www.palmknihy.cz/kniha/427590 |t ebook |y 2026 |z 1 |v Eddie Flynn |w 6 | ||
| 999 | |d 313644 | ||